000 00486cam a22002054a 4500
005 20250605164313.0
008 250528s ||||||||||||||||||||||||d
035 _a22600
020 _a9780077108090
040 _aGR-AtMCL
_bgre
_dGR-AtMCL
_eAACR2
245 1 _aBUSINESS ACCOUNTING AND FINANCE
250 _a2
260 _bMcgraw Hill,
_c2005
300 _a767
700 1 _aBoczko Tony
_98366
700 1 _aDavies Tony
_98367
942 _cBK
999 _c7648
_d7648